| 000 | 01033nam a2200301 a 4500 | ||
|---|---|---|---|
| 001 | 31222 | ||
| 003 | BD-RjUL | ||
| 005 | 20211209051656.0 | ||
| 008 | 140413s1958 enk b 001 0 eng d | ||
| 035 | _a(BD-RjUL )31309 | ||
| 035 | _a(OCoLC)372133 | ||
| 040 |
_aUkOxU _beng _cUkOxU _dBD-RjUL |
||
| 041 | _aeng | ||
| 082 | 0 | 0 |
_a121 _bWEK 1968 |
| 100 | 1 |
_aWeldon, T. D. _q(Thomas Dewar) _994989 |
|
| 245 | 1 | 0 |
_aKant's Critique of pure reason / _cby T.D. Weldon. |
| 250 | _a2nd ed. | ||
| 260 |
_aOxford : _bClarendon Press, _c1968. |
||
| 300 |
_axi, 331 p. ; _c23 cm. |
||
| 500 | _aPrevious ed. published in 1945 under title: Introduction to Kant's Critique of pure reason. | ||
| 500 | _aIncludes bibliographical footnotes and index. | ||
| 600 | 1 | 0 |
_aKant, Immanuel, _d1724-1804. _995000 |
| 700 | 1 |
_aWeldon, T. D. _q(Thomas Dewar). _tIntroduction to Kant's Critique of pure reason. _994991 |
|
| 740 | 0 | _aIntroduction to Kant's Critique of pure reason | |
| 942 |
_2ddc _cBK |
||
| 999 |
_c31222 _d31222 |
||